| 000 | 00428nam a2200181Ia 4500 | ||
|---|---|---|---|
| 001 | 25339 | ||
| 005 | 20260414151143.0 | ||
| 008 | 260414t2019||||xx |||||||||||||| ||spa|| | ||
| 041 | _aESP | ||
| 082 |
_a346.5 _bB47 |
||
| 100 |
_aBetti, Emilio _eAUT |
||
| 245 | 0 |
_aTeoría general de las obligaciones _b |
|
| 260 | _c2019 | ||
| 300 |
_a507 páginas : _c24 cm. |
||
| 650 | _aDER | ||
| 654 | _aCDE | ||
| 942 |
_cLIB _dJUS _fJUS _2ddc _n |
||
| 999 |
_c25339 _d25339 |
||